[Event "Pavlodar Akim Cup rap"]
[Site "Pavlodar"]
[Date "2015.01.29"]
[Round "4"]
[White "Adly, Ahmed"]
[Black "Vladimirov, Yevgeniy"]
[Result "0-1"]
[WhiteElo "2684"]
[BlackElo "2589"]
[PlyCount "120"]
[EventDate "2015.01.28"]
[EventType "tourn (rapid)"]
[EventRounds "9"]
[EventCountry "KAZ"]
[EventCategory "13"]
[SourceTitle "CBM 164 Extra"]
[Source "ChessBase"]
[SourceDate "2015.03.02"]
[SourceVersion "1"]
[SourceVersionDate "2015.03.02"]
[SourceQuality "1"]

1. Nf3 d5 2. g3 Nf6 3. Bg2 c6 4. 0-0 Bg4 5. b3 Nbd7 6. Bb2 e6 7. d3 Bd6 8. Nbd2 0-0 9. h3 Bxf3 10. Nxf3 Qe7 11. a3 Rfd8 12. c4 Rac8 13. Qc2 a6 14. Rfe1 e5 15. e4 dxe4 16. dxe4 Nf8 17. c5 Bxc5 18. Bxe5 Ne6 19. Qb2 Rd3 20. b4 Ba7 21. Nh4 Nd4 22. Bf4 Rd8 23. Rad1 Rxd1 24. Rxd1 Ne6 25. Rxd8+ Qxd8 26. Qd2 Bd4 27. Nf5 Nxf4 28. gxf4 Bb6 29. Qxd8+ Bxd8 30. Nd6 b6 31. e5 Nd5 32. Bxd5 cxd5 33. Nf5 g5 34. Kg2 Kf8 35. Kf3 b5 36. Ne3 d4 37. Nd5 gxf4 38. Ke4 Kg7 39. Nxf4 Kh6 40. Nd3 Kg5 41. Nc5 Kh4 42. Nb7 Be7 43. Nd6 Kxh3 44. Nxf7 h5 45. f4 h4 46. f5 Kg3 47. f6 Bxf6 48. exf6 h3 49. Ne5 h2 50. f7 h1Q+ 51. Kxd4 Qh6 52. Kd5 Qf6 53. Ke4 Kg2 54. Kd5 Kf1 55. Ke4 Ke2 56. Kd5 Kd1 57. Nd7 Qxf7+ 58. Kc6 Qb3 59. Nc5 Qxa3 60. Kb6 Qxb4 0-1

[Event "Pavlodar Akim Cup rap"]
[Site "Pavlodar"]
[Date "2015.01.29"]
[Round "6"]
[White "Kotsur, Pavel"]
[Black "Vladimirov, Yevgeniy"]
[Result "1-0"]
[WhiteElo "2548"]
[BlackElo "2589"]
[PlyCount "87"]
[EventDate "2015.01.28"]
[EventType "tourn (rapid)"]
[EventRounds "9"]
[EventCountry "KAZ"]
[EventCategory "13"]
[SourceTitle "CBM 164 Extra"]
[Source "ChessBase"]
[SourceDate "2015.03.02"]
[SourceVersion "1"]
[SourceVersionDate "2015.03.02"]
[SourceQuality "1"]

1. e4 e5 2. Nf3 Nc6 3. Bc4 Bc5 4. c3 Nf6 5. d3 a6 6. Bb3 d6 7. h3 Ba7 8. Nbd2 0-0 9. Nf1 d5 10. Qe2 h6 11. Ng3 Re8 12. Nh2 Na5 13. Bc2 dxe4 14. dxe4 Be6 15. Ng4 Nc6 16. Qf3 Nh7 17. Nf5 Qd7 18. 0-0 Bxf5 19. exf5 Qe7 20. f6 Nxf6 21. Nxf6+ Qxf6 22. Qxf6 gxf6 23. Bxh6 e4 24. Bf4 Re7 25. Rad1 Rae8 26. Rd5 Kg7 27. Re1 e3 28. fxe3 Bxe3+ 29. Bxe3 Rxe3 30. Rxe3 Rxe3 31. Kf2 Re7 32. b3 Ne5 33. Bf5 Re8 34. h4 Kf8 35. g3 Ke7 36. g4 Rg8 37. Kg3 c6 38. Rd4 b5 39. h5 Rh8 40. Kf4 Ra8 41. g5 Re8 42. h6 c5 43. gxf6+ Kf8 44. h7 1-0

[Event "Pavlodar Akim Cup rap"]
[Site "Pavlodar"]
[Date "2015.01.29"]
[Round "5"]
[White "Vladimirov, Yevgeniy"]
[Black "Khalifman, Alexander"]
[Result "1/2-1/2"]
[WhiteElo "2589"]
[BlackElo "2588"]
[PlyCount "36"]
[EventDate "2015.01.28"]
[EventType "tourn (rapid)"]
[EventRounds "9"]
[EventCountry "KAZ"]
[EventCategory "13"]
[SourceTitle "CBM 164 Extra"]
[Source "ChessBase"]
[SourceDate "2015.03.02"]
[SourceVersion "1"]
[SourceVersionDate "2015.03.02"]
[SourceQuality "1"]

1. d4 d5 2. Nf3 Nf6 3. c4 c6 4. Nc3 dxc4 5. a4 Bf5 6. e3 e6 7. Bxc4 Bb4 8. 0-0 Nbd7 9. Qe2 0-0 10. e4 Bg6 11. Bd3 Bh5 12. e5 Nd5 13. Nxd5 cxd5 14. Qe3 Be7 15. Bd2 Nb8 16. Ne1 Nc6 17. Nc2 Rc8 18. a5 a6 1/2-1/2

[Event "Pavlodar op"]
[Site "Pavlodar"]
[Date "2007.12.24"]
[Round "11"]
[White "Vladimirov, Yevgeniy"]
[Black "Mankeyev, Rauan"]
[Result "1-0"]
[WhiteElo "2627"]
[BlackElo "2402"]
[PlyCount "53"]
[EventDate "2007.12.16"]
[EventType "swiss"]
[EventRounds "11"]
[EventCountry "KAZ"]
[SourceTitle "CBM 122 Extra"]
[Source "ChessBase"]
[SourceDate "2008.03.04"]
[SourceVersion "1"]
[SourceVersionDate "2008.03.04"]
[SourceQuality "1"]

1. Nf3 Nf6 2. g3 g6 3. Bg2 Bg7 4. 0-0 d5 5. d4 0-0 6. c4 c6 7. Qb3 Qb6 8. Nc3 dxc4 9. Qxc4 Bf5 10. Ng5 h6 11. e4 hxg5 12. exf5 gxf5 13. d5 Ng4 14. Bxg5 Qxb2 15. Rac1 Ne5 16. Qf4 Ng6 17. Qe3 cxd5 18. Nxd5 Nc6 19. Rb1 Qxa2 20. Rxb7 Rab8 21. Rxb8 Rxb8 22. Qc5 Rc8 23. Ne3 e6 24. h4 Nge5 25. Rd1 Bf8 26. Qc3 Bb4 27. Qc1 1-0

[Event "Pavlodar op"]
[Site "Pavlodar"]
[Date "2007.12.21"]
[Round "8"]
[White "Jumabayev, Rinat"]
[Black "Vladimirov, Yevgeniy"]
[Result "1/2-1/2"]
[WhiteElo "2436"]
[BlackElo "2627"]
[PlyCount "79"]
[EventDate "2007.12.16"]
[EventType "swiss"]
[EventRounds "11"]
[EventCountry "KAZ"]
[SourceTitle "CBM 122 Extra"]
[Source "ChessBase"]
[SourceDate "2008.03.04"]
[SourceVersion "1"]
[SourceVersionDate "2008.03.04"]
[SourceQuality "1"]

1. d4 g6 2. Nf3 Bg7 3. g3 d6 4. c4 Nd7 5. Bg2 e5 6. Nc3 Ne7 7. 0-0 0-0 8. e4 exd4 9. Nxd4 Nc6 10. Nxc6 bxc6 11. Qc2 Ne5 12. b3 Qf6 13. Bb2 Nf3+ 14. Kh1 Bg4 15. Nd1 Nd4 16. Qc3 Rfe8 17. f3 Bd7 18. Ne3 c5 19. Qd3 Qd8 20. Bc3 a5 21. Qd2 Bc6 22. Bxa5 f5 23. Bc3 fxe4 24. fxe4 Bxe4 25. Nd5 c6 26. Nf4 Ra7 27. Rae1 Rae7 28. Bxe4 Rxe4 29. Qg2 d5 30. Qf2 Qd7 31. Nd3 Rxe1 32. Rxe1 Rf8 33. Qg2 Nf3 34. Rf1 dxc4 35. Nxc5 Qd5 36. bxc4 Qxc5 37. Bxg7 Kxg7 38. Rxf3 Rxf3 39. Qxf3 Qxc4 40. Qf4 1/2-1/2

[Event "Pavlodar op"]
[Site "Pavlodar"]
[Date "2007.12.17"]
[Round "2"]
[White "Aitbayev, Aslan"]
[Black "Vladimirov, Yevgeniy"]
[Result "0-1"]
[WhiteElo "2233"]
[BlackElo "2627"]
[PlyCount "100"]
[EventDate "2007.12.16"]
[EventType "swiss"]
[EventRounds "11"]
[EventCountry "KAZ"]
[SourceTitle "CBM 122 Extra"]
[Source "ChessBase"]
[SourceDate "2008.03.04"]
[SourceVersion "1"]
[SourceVersionDate "2008.03.04"]
[SourceQuality "1"]

1. e4 e5 2. Nf3 Nc6 3. Bb5 a6 4. Ba4 Nf6 5. 0-0 Be7 6. Re1 b5 7. Bb3 d6 8. c3 0-0 9. h3 Nb8 10. d4 Nbd7 11. Nbd2 Bb7 12. Bc2 Re8 13. Nf1 Bf8 14. Ng3 g6 15. a4 Bg7 16. Bd3 c6 17. b3 Qc7 18. Bb2 Rad8 19. c4 bxa4 20. bxa4 exd4 21. Nxd4 d5 22. exd5 Rxe1+ 23. Qxe1 cxd5 24. Rc1 Nc5 25. Bf1 Nfe4 26. Ba1 Nxg3 27. fxg3 Qd6 28. cxd5 Qxd5 29. Nf3 Nb3 30. Bxg7 Nxc1 31. Bb2 Qc5+ 32. Kh2 Bxf3 33. Bxc1 Rd1 34. Qe8+ Qf8 35. Qxf8+ Kxf8 36. Ba3+ Kg8 37. Bxa6 Ra1 38. Bc5 Rxa4 39. Bd3 Ra2 40. Bf1 Ra1 41. Bd3 Bd5 42. g4 f6 43. Bb6 Kf7 44. Bc7 Ra2 45. Bf1 Rc2 46. Bb8 g5 47. Kg1 Be4 48. g3 Kg6 49. Ba7 Rc3 50. Kh2 Rc1 0-1

[Event "Asia Cities-ch 15th"]
[Site "Tehran"]
[Date "2007.03.06"]
[Round "7.1"]
[White "Hakki, Imad"]
[Black "Vladimirov, Yevgeniy"]
[Result "0-1"]
[WhiteElo "2428"]
[BlackElo "2616"]
[PlyCount "86"]
[EventDate "2007.03.02"]
[EventType "team-swiss"]
[EventRounds "9"]
[EventCountry "IRI"]
[SourceTitle "EXT 2020"]
[Source "ChessBase"]
[SourceDate "2019.10.17"]
[SourceVersion "1"]
[SourceVersionDate "2019.10.17"]
[SourceQuality "1"]
[WhiteTeam "Damascus"]
[BlackTeam "Pavlodar"]
[WhiteTeamCountry "SYR"]
[BlackTeamCountry "KAZ"]

1. d4 Nf6 2. Nf3 e6 3. Bg5 c5 4. e3 Qb6 5. Nbd2 Qxb2 6. Bxf6 gxf6 7. Bd3 d5 8. c4 cxd4 9. 0-0 dxe3 10. fxe3 Bg7 11. cxd5 exd5 12. Nd4 Nc6 13. Rb1 Qa3 14. Rb3 Qe7 15. Nf5 Bxf5 16. Bxf5 h5 17. Nf3 Rd8 18. Nd4 Nxd4 19. exd4 Kf8 20. Re1 Qc7 21. Qb1 b6 22. Rbe3 Bh6 23. Rf3 h4 24. Qb4+ Kg7 25. Rc3 Bd2 26. Rxc7 Bxb4 27. Rb1 a5 28. Be6 Rhf8 29. a3 Bxa3 30. Rxb6 Kg6 31. Bg4 Rb8 32. Rxb8 Rxb8 33. Bf3 Bb2 34. Bxd5 Bxd4+ 35. Kf1 Rb2 36. Rc4 Rd2 37. Ke1 Be3 38. Bf3 h3 39. Rg4+ Kf5 40. gxh3 Rb2 41. Bg2 a4 42. Be4+ Ke5 43. Bd3 a3 0-1

[Event "Asia Cities-ch 15th"]
[Site "Tehran"]
[Date "2007.03.05"]
[Round "6.1"]
[White "Wang, Pin"]
[Black "Vladimirov, Yevgeniy"]
[Result "0-1"]
[WhiteElo "2616"]
[BlackElo "2616"]
[PlyCount "86"]
[EventDate "2007.03.02"]
[EventType "team-swiss"]
[EventRounds "9"]
[EventCountry "IRI"]
[SourceTitle "EXT 2020"]
[Source "ChessBase"]
[SourceDate "2019.10.17"]
[SourceVersion "1"]
[SourceVersionDate "2019.10.17"]
[SourceQuality "1"]
[WhiteTeam "Shanghai"]
[BlackTeam "Pavlodar"]
[WhiteTeamCountry "CHN"]
[BlackTeamCountry "KAZ"]

1. e4 e5 2. Nf3 Nc6 3. Bb5 Nf6 4. d3 d6 5. c3 g6 6. 0-0 Bg7 7. d4 0-0 8. Bxc6 bxc6 9. dxe5 Nxe4 10. Re1 d5 11. Nbd2 f5 12. exf6 Nxf6 13. Qa4 Qd6 14. Qh4 c5 15. Nf1 Bg4 16. Ne5 Rae8 17. Bf4 Nh5 18. Bd2 Be6 19. Nf3 h6 20. Qa4 Bd7 21. Qa3 Bg4 22. Rxe8 Rxe8 23. Re1 Rf8 24. Be3 d4 25. cxd4 Bxf3 26. gxf3 cxd4 27. Qxd6 cxd6 28. Bd2 Rxf3 29. Re8+ Rf8 30. Re6 Rf6 31. Re8+ Kh7 32. Re7 a6 33. Ra7 d5 34. Rd7 Rb6 35. b3 Nf6 36. Rd8 Rc6 37. f3 g5 38. a4 g4 39. fxg4 Rc2 40. h3 Rb2 41. Ra8 Ne4 42. Bf4 d3 43. Rd8 Bd4+ 0-1

[Event "Dubai op 7th"]
[Site "Dubai"]
[Date "2005.04.11"]
[Round "8"]
[White "Sundararajan, Kidambi"]
[Black "Vladimirov, Yevgeniy"]
[Result "0-1"]
[WhiteElo "2491"]
[BlackElo "2623"]
[PlyCount "90"]
[EventDate "2005.04.04"]
[EventType "swiss"]
[EventRounds "9"]
[EventCountry "UAE"]
[SourceTitle "CBM 105 Extra"]
[Source "ChessBase"]
[SourceDate "2005.05.01"]
[SourceVersion "1"]
[SourceVersionDate "2005.05.01"]
[SourceQuality "1"]

1. d4 d5 2. c4 c6 3. Nf3 Nf6 4. Nc3 dxc4 5. a4 Bg4 6. Ne5 Bh5 7. f3 Nfd7 8. Nxc4 e5 9. g3 f6 10. dxe5 Nxe5 11. Qxd8+ Kxd8 12. Nxe5 fxe5 13. Bg5+ Kc7 14. Bh3 h6 15. Be3 Nd7 16. 0-0 Bc5 17. Bxc5 Nxc5 18. b4 Nb3 19. Rad1 Rad8 20. Kf2 Nd2 21. Rg1 Rd4 22. Rc1 Kb8 23. b5 c5 24. Bf5 Rhd8 25. Ne4 b6 26. Nxd2 Rxd2 27. Rc2 Bf7 28. Rgc1 Bb3 29. Rxd2 Rxd2 30. a5 Kc7 31. Bd3 Bd5 32. Ke3 Ra2 33. axb6+ axb6 34. f4 Kd6 35. Rd1 Ra4 36. Bc2 Rb4 37. Bh7 Rxb5 38. Kf2 Kc6 39. fxe5 c4 40. Bf5 c3 41. e6 Kd6 42. Ke3 Ke7 43. Kd4 Bb3 44. Rf1 c2 45. g4 Rd5+ 0-1

[Event "Dubai op 7th"]
[Site "Dubai"]
[Date "2005.04.10"]
[Round "7"]
[White "Vladimirov, Yevgeniy"]
[Black "Koneru, Humpy"]
[Result "1/2-1/2"]
[WhiteElo "2623"]
[BlackElo "2508"]
[PlyCount "112"]
[EventDate "2005.04.04"]
[EventType "swiss"]
[EventRounds "9"]
[EventCountry "UAE"]
[SourceTitle "CBM 105 Extra"]
[Source "ChessBase"]
[SourceDate "2005.05.01"]
[SourceVersion "1"]
[SourceVersionDate "2005.05.01"]
[SourceQuality "1"]

1. d4 Nf6 2. c4 e6 3. g3 d5 4. Bg2 Be7 5. Nf3 0-0 6. 0-0 dxc4 7. Qc2 a6 8. Qxc4 b5 9. Qc2 Bb7 10. Bd2 Ra7 11. Rc1 Be4 12. Qb3 Bd5 13. Qe3 Nbd7 14. Ba5 b4 15. Nbd2 Qb8 16. a3 Rc8 17. axb4 Bxb4 18. Bxb4 Qxb4 19. Qa3 Rb8 20. Rc2 a5 21. e3 h6 22. Qxb4 Rxb4 23. Ne1 Bxg2 24. Kxg2 e5 25. Nd3 Rb5 26. dxe5 Nxe5 27. Nxe5 Rxe5 28. Nf3 Rb5 29. Nd4 Rb6 30. b3 Ne4 31. Ra4 c5 32. Nf5 Rb4 33. Ra3 a4 34. bxa4 Rbxa4 35. Rxa4 Rxa4 36. h4 Ra6 37. Kf3 Re6 38. Kf4 Kh7 39. f3 Nf6 40. e4 g6 41. Ne3 Nh5+ 42. Kg4 f5+ 43. Kh3 fxe4 44. fxe4 Rxe4 45. Nd5 c4 46. Rc3 Rd4 47. Ne3 Rd3 48. Rxd3 cxd3 49. Kg2 Kg7 50. Kf3 Nf6 51. g4 Kf7 52. g5 hxg5 53. hxg5 Nh7 54. Ke4 d2 55. Kd3 Ke6 56. Kxd2 Nxg5 1/2-1/2

[Event "Dubai op 7th"]
[Site "Dubai"]
[Date "2005.04.08"]
[Round "5"]
[White "Vladimirov, Yevgeniy"]
[Black "Eid, Fadi"]
[Result "1-0"]
[WhiteElo "2623"]
[BlackElo "2332"]
[PlyCount "47"]
[EventDate "2005.04.04"]
[EventType "swiss"]
[EventRounds "9"]
[EventCountry "UAE"]
[SourceTitle "CBM 105 Extra"]
[Source "ChessBase"]
[SourceDate "2005.05.01"]
[SourceVersion "1"]
[SourceVersionDate "2005.05.01"]
[SourceQuality "1"]

1. d4 d5 2. Nf3 Bf5 3. c4 e6 4. Nc3 Nc6 5. cxd5 exd5 6. Bf4 Bb4 7. Rc1 Nf6 8. a3 Ba5 9. b4 Bb6 10. e3 0-0 11. Bg5 Be6 12. Bd3 Re8 13. 0-0 Ne7 14. Bxf6 gxf6 15. Nh4 Ng6 16. Qh5 Qd7 17. Nf5 c6 18. Nh6+ Kg7 19. f4 Qe7 20. f5 Bd7 21. Rf3 Qxe3+ 22. Rxe3 Rxe3 23. Ne2 Rxd3 24. Ng3 1-0

[Event "Pune op"]
[Site "Pune"]
[Date "2004.09.09"]
[Round "7"]
[White "Iuldachev, Saidali"]
[Black "Vladimirov, Yevgeniy"]
[Result "1/2-1/2"]
[WhiteElo "2550"]
[BlackElo "2628"]
[PlyCount "37"]
[EventDate "2004.09.03"]
[EventType "swiss"]
[EventRounds "10"]
[EventCountry "IND"]
[SourceTitle "CBM 102 Extra"]
[Source "ChessBase"]
[SourceDate "2004.11.03"]
[SourceVersion "1"]
[SourceVersionDate "2004.11.03"]
[SourceQuality "1"]

1. e4 e5 2. Nf3 Nc6 3. Nc3 g6 4. d4 exd4 5. Nxd4 Bg7 6. Be3 Nf6 7. Qd2 0-0 8. 0-0-0 Re8 9. f3 d5 10. exd5 Nxd5 11. Nxc6 bxc6 12. Bd4 Nxc3 13. Bxc3 Qxd2+ 14. Bxd2 Be6 15. b3 Be5 16. Bd3 c5 17. Rde1 c6 18. c4 f5 19. g3 1/2-1/2

[Event "Pune op"]
[Site "Pune"]
[Date "2004.09.06"]
[Round "4"]
[White "Vladimirov, Yevgeniy"]
[Black "Himanshu, Sharma"]
[Result "1-0"]
[WhiteElo "2628"]
[BlackElo "2376"]
[PlyCount "67"]
[EventDate "2004.09.03"]
[EventType "swiss"]
[EventRounds "10"]
[EventCountry "IND"]
[SourceTitle "CBM 102 Extra"]
[Source "ChessBase"]
[SourceDate "2004.11.03"]
[SourceVersion "1"]
[SourceVersionDate "2004.11.03"]
[SourceQuality "1"]

1. d4 Nf6 2. c4 e6 3. Nf3 b6 4. Nc3 Bb7 5. Bg5 Be7 6. Qc2 d5 7. e3 0-0 8. Bxf6 Bxf6 9. cxd5 exd5 10. Bd3 h6 11. 0-0-0 c5 12. dxc5 Bxc3 13. Qxc3 Qe7 14. Nd4 Qxc5 15. Qxc5 bxc5 16. Nb3 a5 17. Bf5 c4 18. Nd4 Na6 19. Rd2 g6 20. Bc2 Rfc8 21. Nb5 Rab8 22. Nc3 Nc7 23. Rhd1 Bc6 24. g3 Rb6 25. Ba4 Bxa4 26. Nxa4 Rb4 27. Nc3 Rcb8 28. Re2 Kg7 29. Rc2 Rd8 30. Rd4 Nb5 31. Rxd5 Rb8 32. Rxb5 R4xb5 33. Nxb5 Rxb5 34. Rxc4 1-0

[Event "Abu Dhabi op 14th"]
[Site "Abu Dhabi"]
[Date "2004.08.21"]
[Round "7"]
[White "Vladimirov, Yevgeniy"]
[Black "Ramesh, Ramachandran B"]
[Result "1/2-1/2"]
[WhiteElo "2628"]
[BlackElo "2484"]
[PlyCount "31"]
[EventDate "2004.08.14"]
[EventType "swiss"]
[EventRounds "9"]
[EventCountry "UAE"]
[SourceTitle "CBM 103"]
[Source "ChessBase"]
[SourceDate "2004.11.11"]
[SourceVersion "1"]
[SourceVersionDate "2004.11.11"]
[SourceQuality "1"]

1. c4 Nf6 2. Nc3 e5 3. Nf3 Nc6 4. g3 Bb4 5. Nd5 Bc5 6. Bg2 0-0 7. d3 h6 8. 0-0 d6 9. e3 a6 10. a3 Ba7 11. Nc3 Be6 12. b4 e4 13. Nxe4 Nxe4 14. dxe4 Bxc4 15. Re1 Ne5 16. Nxe5 1/2-1/2

[Event "Abu Dhabi op 14th"]
[Site "Abu Dhabi"]
[Date "2004.08.14"]
[Round "1"]
[White "Vladimirov, Yevgeniy"]
[Black "Kayumov, Sergey"]
[Result "1/2-1/2"]
[WhiteElo "2628"]
[BlackElo "2404"]
[PlyCount "64"]
[EventDate "2004.08.14"]
[EventType "swiss"]
[EventRounds "9"]
[EventCountry "UAE"]
[SourceTitle "CBM 103"]
[Source "ChessBase"]
[SourceDate "2004.11.11"]
[SourceVersion "1"]
[SourceVersionDate "2004.11.11"]
[SourceQuality "1"]

1. d4 d5 2. Nf3 Nf6 3. c4 e6 4. g3 Be7 5. Bg2 0-0 6. 0-0 dxc4 7. Qc2 a6 8. Qxc4 b5 9. Qc2 Bb7 10. Bd2 Ra7 11. a4 b4 12. Bg5 Be4 13. Qc1 c5 14. Nbd2 Bxf3 15. Nxf3 cxd4 16. Rd1 Rc7 17. Qb1 Nc6 18. Bf4 Rd7 19. Qc2 Na5 20. Ne5 Rc7 21. Nc6 Rc8 22. Rac1 Nxc6 23. Bxc6 Qb6 24. Be5 Rfd8 25. Qc4 Qa5 26. Bxf6 Bxf6 27. Qd3 Qb6 28. Be4 g6 29. Rc4 Rxc4 30. Qxc4 Kg7 31. b3 Bg5 32. Ra1 Qa5 1/2-1/2

[Event "FIDE-Wch k.o."]
[Site "Tripoli"]
[Date "2004.06.20"]
[Round "1.6"]
[White "Ni, Hua"]
[Black "Vladimirov, Yevgeniy"]
[Result "1-0"]
[WhiteElo "2587"]
[BlackElo "2621"]
[PlyCount "137"]
[EventDate "2004.06.19"]
[EventType "k.o."]
[EventRounds "7"]
[EventCountry "LBY"]
[SourceTitle "CBM 102"]
[Source "ChessBase"]
[SourceDate "2004.09.23"]
[SourceVersion "1"]
[SourceVersionDate "2004.09.23"]
[SourceQuality "1"]

1. e4 e5 2. Nc3 Nf6 3. Bc4 Nxe4 4. Bxf7+ Kxf7 5. Nxe4 d5 6. Ng3 Nc6 7. d3 Be7 8. Nf3 Rf8 9. 0-0 Kg8 10. h3 Qd6 11. Re1 Bd7 12. b3 Rae8 13. Bb2 Bf6 14. Rb1 g6 15. c4 Bg7 16. cxd5 Qxd5 17. Ne4 Nd4 18. Bxd4 exd4 19. Rc1 Bc6 20. Qd2 Qd7 21. Qg5 Rf5 22. Qg3 Re7 23. Rc2 Rf8 24. Rce2 Ree8 25. Nc5 Qd6 26. Rxe8 Rxe8 27. Rxe8+ Bxe8 28. Qxd6 cxd6 29. Nxb7 Bb5 30. Ne1 Bf8 31. Kf1 Kf7 32. a4 Bd7 33. Nf3 Ke6 34. Nxd4+ Kd5 35. Nc2 Bg7 36. Na5 Bc3 37. Nc4 Kc5 38. Ke2 d5 39. Nd2 a5 40. Nf3 Kd6 41. Nfd4 Kc5 42. Ke3 Bb2 43. Ne2 Bf6 44. f4 g5 45. g4 gxf4+ 46. Kxf4 h6 47. Kf3 Kd6 48. d4 Be8 49. Ne3 Bg6 50. Nf5+ Kc6 51. Nxh6 Bc2 52. Kf4 Bxb3 53. g5 Bh8 54. Nf7 Bg7 55. Ne5+ Kd6 56. Nc3 Bxe5+ 57. dxe5+ Ke6 58. g6 Bc2 59. Kg5 d4 60. Nb5 d3 61. g7 Kf7 62. Kh6 d2 63. Nc3 Bf5 64. h4 Kg8 65. h5 Kf7 66. Kg5 Bc2 67. h6 Bxa4 68. e6+ Kg8 69. Ne4 1-0

[Event "FIDE-Wch k.o."]
[Site "Tripoli"]
[Date "2004.06.20"]
[Round "1.4"]
[White "Vladimirov, Yevgeniy"]
[Black "Ni, Hua"]
[Result "1/2-1/2"]
[WhiteElo "2621"]
[BlackElo "2587"]
[PlyCount "119"]
[EventDate "2004.06.19"]
[EventType "k.o."]
[EventRounds "7"]
[EventCountry "LBY"]
[SourceTitle "CBM 102"]
[Source "ChessBase"]
[SourceDate "2004.09.23"]
[SourceVersion "1"]
[SourceVersionDate "2004.09.23"]
[SourceQuality "1"]

1. d4 d5 2. c4 c6 3. Nf3 Nf6 4. cxd5 cxd5 5. Nc3 Nc6 6. Bf4 a6 7. Rc1 Bf5 8. e3 Qb6 9. Bd3 Bxd3 10. Qxd3 e6 11. 0-0 Be7 12. Ne5 0-0 13. Nxc6 Qxc6 14. Ne2 Qb6 15. Rc7 Rfe8 16. Qb3 Qxb3 17. axb3 b6 18. Rfc1 Bd8 19. R7c6 Re7 20. h3 Rd7 21. Nc3 Kf8 22. Na4 Rb7 23. Kf1 Nd7 24. Rc8 Rxc8 25. Rxc8 Ke7 26. Ke2 f6 27. Ra8 b5 28. Nc3 Rb6 29. Na2 b4 30. Nc1 Rc6 31. Nd3 a5 32. Kd2 g5 33. Bg3 h5 34. h4 Ke8 35. hxg5 fxg5 36. Ne5 Nxe5 37. Bxe5 Kd7 38. f3 Rc8 39. Ra7+ Kc6 40. Ra6+ Kd7 41. e4 dxe4 42. fxe4 h4 43. Ra7+ Ke8 44. Kd3 Rc1 45. d5 exd5 46. exd5 Re1 47. Bd6 Rg1 48. Ke4 Rxg2 49. Rh7 g4 50. Kf5 g3 51. Be5 Re2 52. d6 Rxe5+ 53. Kxe5 g2 54. d7+ Kf8 55. Rh8+ Ke7 56. Rh7+ Kf8 57. Rh8+ Ke7 58. Rh7+ Kf8 59. Rh8+ Ke7 60. Ke4 1/2-1/2

[Event "FIDE-Wch k.o."]
[Site "Tripoli"]
[Date "2004.06.19"]
[Round "1.1"]
[White "Vladimirov, Yevgeniy"]
[Black "Ni, Hua"]
[Result "1/2-1/2"]
[WhiteElo "2621"]
[BlackElo "2587"]
[PlyCount "46"]
[EventDate "2004.06.19"]
[EventType "k.o."]
[EventRounds "7"]
[EventCountry "LBY"]
[SourceTitle "CBM 102"]
[Source "ChessBase"]
[SourceDate "2004.09.23"]
[SourceVersion "1"]
[SourceVersionDate "2004.09.23"]
[SourceQuality "1"]

1. d4 d5 2. c4 c6 3. Nf3 Nf6 4. Nc3 dxc4 5. a4 Bf5 6. e3 e6 7. Bxc4 Bb4 8. 0-0 0-0 9. Qe2 Nbd7 10. e4 Bg6 11. Bd3 Bh5 12. e5 Nd5 13. Bd2 c5 14. Nxd5 Bxd2 15. Qxd2 Bxf3 16. Nf4 Bc6 17. Rfe1 cxd4 18. Bb1 Qg5 19. Ra3 g6 20. Rg3 Qh6 21. Rh3 Qg5 22. Rg3 Qh6 23. Rd3 Qg5 1/2-1/2

[Event "Dubai op 6th"]
[Site "Dubai"]
[Date "2004.04.23"]
[Round "5"]
[White "Vladimirov, Yevgeniy"]
[Black "Ramesh, Ramachandran B"]
[Result "1-0"]
[WhiteElo "2621"]
[BlackElo "2493"]
[PlyCount "53"]
[EventDate "2004.04.19"]
[EventType "swiss"]
[EventRounds "9"]
[EventCountry "UAE"]
[SourceTitle "CBM 101"]
[Source "ChessBase"]
[SourceDate "2004.07.27"]
[SourceVersion "1"]
[SourceVersionDate "2004.07.27"]
[SourceQuality "1"]

1. d4 d5 2. c4 c6 3. Nf3 Nf6 4. Nc3 e6 5. e3 Nbd7 6. Bd3 dxc4 7. Bxc4 b5 8. Bd3 Bb7 9. e4 b4 10. Na4 c5 11. e5 Nd5 12. dxc5 Nxc5 13. Bb5+ Nd7 14. Bg5 Qa5 15. Bxd7+ Kxd7 16. 0-0 Bc6 17. b3 Be7 18. Nb2 h6 19. Nc4 Qa6 20. Bxe7 Kxe7 21. Qd4 Bb5 22. a4 Bxc4 23. bxc4 Nc7 24. Qc5+ Kd7 25. Rfd1+ Kc8 26. Rd6 Qb7 27. Nd4 1-0

[Event "Dubai op 6th"]
[Site "Dubai"]
[Date "2004.04.22"]
[Round "4"]
[White "Carlsen, Magnus"]
[Black "Vladimirov, Yevgeniy"]
[Result "1-0"]
[WhiteElo "2552"]
[BlackElo "2621"]
[PlyCount "69"]
[EventDate "2004.04.19"]
[EventType "swiss"]
[EventRounds "9"]
[EventCountry "UAE"]
[SourceTitle "CBM 101"]
[Source "ChessBase"]
[SourceDate "2004.07.27"]
[SourceVersion "1"]
[SourceVersionDate "2004.07.27"]
[SourceQuality "1"]

1. e4 c5 2. Nf3 Nc6 3. d4 cxd4 4. Nxd4 Nf6 5. Nc3 d6 6. Bg5 e6 7. Qd2 a6 8. 0-0-0 Bd7 9. f3 Rc8 10. Be3 Ne5 11. g4 h6 12. h4 b5 13. Bd3 b4 14. Nce2 d5 15. exd5 Nxd5 16. Nf4 Qa5 17. Kb1 Nxf3 18. Qf2 Nxe3 19. Qxe3 Nxd4 20. Qxd4 Qc5 21. Qe4 Qc6 22. Qe2 a5 23. Nh5 a4 24. Rhf1 Rc7 25. Qf2 Bc8 26. Qd4 Rd7 27. Nxg7+ Bxg7 28. Qxg7 Rf8 29. Qxh6 b3 30. axb3 axb3 31. cxb3 Ba6 32. Bxa6 Qxa6 33. Qf4 Ra7 34. Qb8+ Ke7 35. Qb4+ 1-0

[Event "Dubai op 6th"]
[Site "Dubai"]
[Date "2004.04.20"]
[Round "2"]
[White "Safin, Shukhrat"]
[Black "Vladimirov, Yevgeniy"]
[Result "1/2-1/2"]
[WhiteElo "2499"]
[BlackElo "2621"]
[PlyCount "87"]
[EventDate "2004.04.19"]
[EventType "swiss"]
[EventRounds "9"]
[EventCountry "UAE"]
[SourceTitle "CBM 101"]
[Source "ChessBase"]
[SourceDate "2004.07.27"]
[SourceVersion "1"]
[SourceVersionDate "2004.07.27"]
[SourceQuality "1"]

1. d4 Nf6 2. c4 e6 3. Nc3 Bb4 4. e3 0-0 5. Nge2 d5 6. a3 Be7 7. cxd5 exd5 8. g3 c6 9. Bg2 Re8 10. 0-0 a5 11. Qc2 Na6 12. b3 Nc7 13. Bb2 Ne6 14. Rad1 Ng5 15. f3 b5 16. Bc1 h6 17. e4 b4 18. axb4 axb4 19. Na4 dxe4 20. fxe4 Ba6 21. Rfe1 Bb5 22. Nf4 Bf8 23. Nc5 Bxc5 24. dxc5 Qe7 25. Bb2 Nfxe4 26. Bd4 f5 27. h4 Ne6 28. Bxe4 Nxd4 29. Rxd4 fxe4 30. Rdxe4 Qd7 31. Rxe8+ Rxe8 32. Rxe8+ Qxe8 33. Qd2 Qe4 34. Kf2 Kh7 35. Qe3 Qc2+ 36. Kg1 Qb1+ 37. Kh2 Qc2+ 38. Kg1 Qb1+ 39. Kh2 Qf5 40. h5 Ba6 41. Qd4 Qc2+ 42. Kg1 Qc1+ 43. Kh2 Qc2+ 44. Kg1 1/2-1/2